Gabo periodista : (Registro nro. 30781)
[ vista simple ]
| 000 -LEADER | |
|---|---|
| fixed length control field | 00440cam a2200121 a 4500 |
| 008 - FIXED-LENGTH DATA ELEMENTS--GENERAL INFORMATION | |
| fixed length control field | 160915s2012 ck aco fr 000 0 spa d |
| 020 ## - INTERNATIONAL STANDARD BOOK NUMBER | |
| International Standard Book Number | 9789589825143 |
| 082 04 - DEWEY DECIMAL CLASSIFICATION NUMBER | |
| Classification number | 070.44 |
| Item number | G21g |
| 100 1# - MAIN ENTRY--PERSONAL NAME | |
| Personal name | García Márquez, Gabriel |
| 9 (RLIN) | 80151 |
| 245 10 - TITLE STATEMENT | |
| Title | Gabo periodista : |
| Remainder of title | antología de textos periodísticos de Gabriel García Márquez / |
| Statement of responsibility, etc. | Gabriel García Márquez ; edición de Héctor Feliciano. |
| 300 ## - PHYSICAL DESCRIPTION | |
| Extent | 507 páginas ; |
| Dimensions | 24 cm. |
| 942 ## - ADDED ENTRY ELEMENTS (KOHA) | |
| Source of classification or shelving scheme | Dewey Decimal Classification |
| Withdrawn status | Lost status | Source of classification or shelving scheme | Damaged status | Not for loan | Home library | Current library | Date acquired | Total Checkouts | Full call number | Barcode | Date last seen | Copy number | Price effective from | Non-public note | Koha item type |
|---|---|---|---|---|---|---|---|---|---|---|---|---|---|---|---|
| Dewey Decimal Classification | Biblioteca Pública José María del Castillo y Rada | Biblioteca Pública José María del Castillo y Rada | 08/01/2023 | 070.44 G21g | 201812266 | 07/24/2024 | Ej.1 | 07/24/2024 | Catalogación nivel 1 | Books |